| 000 | 02045nam a2200217Ia 4500 | ||
|---|---|---|---|
| 003 | Ost | ||
| 005 | 20260507075110.0 | ||
| 008 | 260507s9999||||xx |||||||||||||| ||und|| | ||
| 040 | _cfsecg | ||
| 041 | _aara | ||
| 082 | _a330 | ||
| 100 |
_aالربيعة، سعود محمد _eمؤلف |
||
| 245 | 0 |
_aصيغ التمويل بالمراجعة / _c سعود محمد الربيعة |
|
| 260 |
_aالكويت: _bدار الوراقين للنشر والتوزيع, _c2001 |
||
| 300 |
_a245 صفحة؛ _c24 سم |
||
| 490 | _aمركز المخطوطات والتراث والوثائق | ||
| 520 | _aيقدم هذا الكتاب قضية من قضايا المال العصرية الاسلامية الملحة قضية بيع المرابحة الذي بدأت تأخذ مكانتها في اقتصاديات اليوم وتظهر ايجابيات على المستوى المحلي والعربي والاسلامي وأخذت تشهد أنظار الاقتصادين اليها على المستوى العربي والاسلامي ، فهذا الجانب في الاقتصاد الاسلامي ليس متروكا دون تعريف وبيان لمشروعية وتطور ه في القرون الاسلامية الماضية حتى صار كيانا في الاقتصاد واسا من اسس وقواعد تحافظ عليه من ان يتدخل مع اقتصاديات أخرى ليست اسلامية فتؤثر في مسيرته أن يتوسع فيه إلى حد الخدش به فيشك من خلاله وهنا يجب ابراز مزايا اقتصاديات التمويل بالمرابحة بخمس مباحث وهي 1/ تعريف المرابحة ومشروعياتها وشروطها 2/ مراحل تطور بيع المرابحة 3/ تطبيق المرابحة المعاصرة وأحكامها 4/ اقتصاديات التمويل بالمرابحة 5/ الاساليب المقترحة لتطبيق المرابحة | ||
| 653 | _aالبيع بالمرابحة | ||
| 653 | _aمراجعة | ||
| 942 | _cكتاب | ||
| 999 |
_c42880 _d42880 |
||